Psicología social de las organizaciones: nuevos aportes
Guardat en:
| Autor principal: | |
|---|---|
| Format: | Llibre |
| Idioma: | espanyol |
| Publicat: |
Buenos Aires
Paidós
1991
|
| Col·lecció: | Grupos e Instituciones, 45
|
| Matèries: | |
| Etiquetes: |
Afegir etiqueta
Sense etiquetes, Sigues el primer a etiquetar aquest registre!
|
MARC
| LEADER | 00000nam a2200000 a 4500 | ||
|---|---|---|---|
| 001 | UCM4681 | ||
| 003 | CL-VaPUC | ||
| 008 | 020830e19910000AG |||||||||||||||||spa|d | ||
| 082 | 0 | 4 | |a 658.001 |b SCH |2 21 |
| 100 | 0 | |a Schvarstein, Leonardo |e author |9 471079 | |
| 245 | 1 | 0 | |a Psicología social de las organizaciones: nuevos aportes |
| 300 | |a 273 p | ||
| 942 | |c BK | ||
| 945 | |d 20020830 00:00:00 |a vberengu | ||
| 260 | |a Buenos Aires |b Paidós |c 1991 | ||
| 650 | 0 | |a Organizaciones |9 337993 | |
| 650 | 0 | |a Comportamiento social |9 334200 | |
| 583 | |a last modification |c 20020830 00:00:00 |k Rodrigo Vera | ||
| 490 | 0 | |a Grupos e Instituciones, 45 | |
| 999 | |c 301202 |d 301200 | ||
| 952 | |0 0 |1 0 |4 0 |6 658_001000000000000_SCH_1991 |7 0 |8 A |9 359965 |a BIBCUR |b BIBCUR |d 2019-11-21 |i 3813169 |o 658.001 SCH 1991 |p 3813169 |r 2025-04-22 |w 2019-11-21 |y BK |k PER | ||